<?xml version="1.0" encoding="UTF-8"?>
<record
    xmlns:xsi="http://www.w3.org/2001/XMLSchema-instance"
    xsi:schemaLocation="http://www.loc.gov/MARC21/slim http://www.loc.gov/standards/marcxml/schema/MARC21slim.xsd"
    xmlns="http://www.loc.gov/MARC21/slim">

  <leader>02298cam a2200349 a 4500</leader>
  <controlfield tag="001">4048570</controlfield>
  <controlfield tag="003">OSt</controlfield>
  <controlfield tag="005">20210414113934.0</controlfield>
  <controlfield tag="008">990317s2000    ohua          001 0 eng  </controlfield>
  <datafield tag="010" ind1=" " ind2=" ">
    <subfield code="a">   99024430 </subfield>
  </datafield>
  <datafield tag="020" ind1=" " ind2=" ">
    <subfield code="a">0324012071</subfield>
  </datafield>
  <datafield tag="035" ind1=" " ind2=" ">
    <subfield code="a">(DLC)   99024430</subfield>
  </datafield>
  <datafield tag="040" ind1=" " ind2=" ">
    <subfield code="a">DLC</subfield>
    <subfield code="c">DLC</subfield>
    <subfield code="d">DLC</subfield>
  </datafield>
  <datafield tag="050" ind1="0" ind2="0">
    <subfield code="a">HF1017</subfield>
    <subfield code="b">.K83 2000</subfield>
  </datafield>
  <datafield tag="082" ind1="0" ind2="0">
    <subfield code="a">519.5/0285</subfield>
    <subfield code="2">21</subfield>
  </datafield>
  <datafield tag="100" ind1="1" ind2=" ">
    <subfield code="a">Kvanli, Alan H.</subfield>
  </datafield>
  <datafield tag="245" ind1="1" ind2="0">
    <subfield code="a">Introduction to business statistics :a computer integrated, data analysis approach. /</subfield>
    <subfield code="c">Alan H. Kvanli, Robert J. Pavur, C. Stephen Guynes.</subfield>
  </datafield>
  <datafield tag="250" ind1=" " ind2=" ">
    <subfield code="a">5th ed.</subfield>
  </datafield>
  <datafield tag="260" ind1=" " ind2=" ">
    <subfield code="a">Cincinnati, Ohio :</subfield>
    <subfield code="b">South-Western College Publishing,</subfield>
    <subfield code="c">c2000.</subfield>
  </datafield>
  <datafield tag="300" ind1=" " ind2=" ">
    <subfield code="a">xvi, 987+various pagings:</subfield>
    <subfield code="b">ill. ;</subfield>
    <subfield code="c">29 cm. +</subfield>
  </datafield>
  <datafield tag="500" ind1=" " ind2=" ">
    <subfield code="a">Includes index.</subfield>
  </datafield>
  <datafield tag="505" ind1=" " ind2=" ">
    <subfield code="a">Contents: A First look at statistics and data collection -- Data presentation using descriptive graphs -- Data summary using descriptive measures -- Probability concepts -- Discrete probability distribution -- Continuous probability  distributions -- Statistical inference and sampling -- Hypothesis testing for the mean and variance of a population -- Inference procedures for two populations -- Estimation and testing for population proportions -- Analysis of variance -- Quality improvement -- Applications of the chi-square -- Correlation and simple linear regression -- Multi linear regression -- Time series analysis and index numbers -- Quantitative business forecasting -- Decision making uncertainty -- Nonparametric statistics -- Appendixes: A:Tables A-2 -- B: Derivation of minimum total sample size A-38 -- C: Introduction to excel A-40 -- D: Introduction to MINITAB A-47 -- E: Database using household financial variables A-56 -- F: Database using financial variables of companies A-64 -- G: Answers to odd-numbered exercises A-74.</subfield>
  </datafield>
  <datafield tag="538" ind1=" " ind2=" ">
    <subfield code="a">System requirements for accompanying computer disc: Microsoft Excel.</subfield>
  </datafield>
  <datafield tag="650" ind1=" " ind2="0">
    <subfield code="a">Commercial statistics</subfield>
    <subfield code="x">Data processing.</subfield>
  </datafield>
  <datafield tag="650" ind1=" " ind2="0">
    <subfield code="a">Statistics</subfield>
    <subfield code="x">Data processing.</subfield>
  </datafield>
  <datafield tag="700" ind1="1" ind2=" ">
    <subfield code="a">Pavur, Robert J.</subfield>
  </datafield>
  <datafield tag="700" ind1="1" ind2=" ">
    <subfield code="a">Guynes, C. Stephen</subfield>
    <subfield code="q">(Carl Stephen)</subfield>
  </datafield>
  <datafield tag="906" ind1=" " ind2=" ">
    <subfield code="a">7</subfield>
    <subfield code="b">cbc</subfield>
    <subfield code="c">orignew</subfield>
    <subfield code="d">1</subfield>
    <subfield code="e">ocip</subfield>
    <subfield code="f">19</subfield>
    <subfield code="g">y-gencatlg</subfield>
  </datafield>
  <datafield tag="942" ind1=" " ind2=" ">
    <subfield code="2">lcc</subfield>
    <subfield code="c">BK</subfield>
  </datafield>
  <datafield tag="999" ind1=" " ind2=" ">
    <subfield code="c">823</subfield>
    <subfield code="d">8323</subfield>
  </datafield>
  <datafield tag="952" ind1=" " ind2=" ">
    <subfield code="0">0</subfield>
    <subfield code="1">0</subfield>
    <subfield code="2">lcc</subfield>
    <subfield code="4">0</subfield>
    <subfield code="7">0</subfield>
    <subfield code="a">WIUC-1</subfield>
    <subfield code="b">WIUC-1</subfield>
    <subfield code="c">GEN</subfield>
    <subfield code="d">2012-05-08</subfield>
    <subfield code="l">0</subfield>
    <subfield code="o">HF1017 .K83 </subfield>
    <subfield code="p">2016/12</subfield>
    <subfield code="r">2012-05-08 00:00:00</subfield>
    <subfield code="t">1</subfield>
    <subfield code="w">2012-05-08</subfield>
    <subfield code="y">BK</subfield>
  </datafield>
  <datafield tag="952" ind1=" " ind2=" ">
    <subfield code="0">0</subfield>
    <subfield code="1">0</subfield>
    <subfield code="2">lcc</subfield>
    <subfield code="4">0</subfield>
    <subfield code="7">0</subfield>
    <subfield code="a">WIUC-1</subfield>
    <subfield code="b">WIUC-1</subfield>
    <subfield code="c">GEN</subfield>
    <subfield code="d">2012-05-08</subfield>
    <subfield code="l">0</subfield>
    <subfield code="o">HF1017 .K831</subfield>
    <subfield code="p">2017/12</subfield>
    <subfield code="r">2012-05-08 00:00:00</subfield>
    <subfield code="t">2</subfield>
    <subfield code="w">2012-05-08</subfield>
    <subfield code="y">BK</subfield>
  </datafield>
  <datafield tag="952" ind1=" " ind2=" ">
    <subfield code="0">0</subfield>
    <subfield code="1">0</subfield>
    <subfield code="2">lcc</subfield>
    <subfield code="4">0</subfield>
    <subfield code="7">0</subfield>
    <subfield code="a">WIUC-1</subfield>
    <subfield code="b">WIUC-1</subfield>
    <subfield code="c">GEN</subfield>
    <subfield code="d">2012-05-08</subfield>
    <subfield code="l">0</subfield>
    <subfield code="o">HF1017 .K832</subfield>
    <subfield code="p">2018/12</subfield>
    <subfield code="r">2012-05-08 00:00:00</subfield>
    <subfield code="t">3</subfield>
    <subfield code="w">2012-05-08</subfield>
    <subfield code="y">BK</subfield>
  </datafield>
</record>
